000 00800nam a2200277Ia 4500
003 OSt
005 20220918180804.0
006 a|||||r|||| 00| 0
007 ta
008 220917b |||||||| |||| 00| 0 eng d
024 _a24,119
037 _cTextual
040 _aARTS
_cARTS
_beng
041 _2eng
_aeng
082 _aO111:g, M8
100 _aKettle Arnold
245 0 _aLiterature and liberation selected essays
260 _aManchester
_bManchester Univ Press
_c1988
300 _avii,231p.
_ccm.
500 _aBibliography 225p; Includes index
650 _aENGLISH LITERATURE
700 _a Martin Graham Ed.
_957074
700 _a Owens W.R Ed.
942 _hO111:g, M8
_cTEXL
_2CC
999 _c163107
_d163107